Drapeaux, Pays et Capitales - Statistiques

Statistiques générales
  • Ce quiz a été pris 2 528 fois
  • Le résultat moyen est 13 sur 20
Statistiques - réponses
Par images Réponse % Correct
Espagne Madrid
94%
États-Unis Washington
93%
Italie Rome
93%
Royaume-Uni Londres
93%
Suisse Berne
92%
Allemagne Berlin
91%
Argentine Buenos Aires
91%
Mexique Mexico
91%
Algérie Alger
90%
Belgique Bruxelles
90%
France Paris
90%
Canada Ottawa
89%
Irlande Dublin
89%
Japon Tokyo
89%
Maroc Rabat
89%
Croatie Zagreb
88%
Égypte Le Caire
88%
Portugal Lisbonne
88%
Russie Moscou
88%
Suède Stockholm
88%
Corée du Sud Séoul
87%
Ukraine Kiev
87%
Grèce Athènes
86%
Liban Beyrouth
86%
Norvège Oslo
86%
Brésil Brasilia
85%
Chine Pékin
85%
Danemark Copenhague
85%
Finlande Helsinki
85%
Hongrie Budapest
84%
Lettonie Riga
84%
Luxembourg Luxembourg
84%
Saint-Marin Saint-Marin
84%
Tunisie Tunis
84%
Israël Jérusalem
83%
Vatican Vatican
83%
Afrique du sud Pretoria / Afrique du Sud Le cap / Afrique du sud Bloemfontein
82%
Albanie Tirana
82%
Bulgarie Sofia
82%
Chypre Nicosie
82%
Colombie Bogota
82%
Pologne Varsovie
82%
Turquie Ankara
82%
Iran Téhéran
81%
République tchèque Prague
81%
Pérou Lima
80%
Singapour Singapour
80%
Arabie Saoudite Riyad
79%
Bosnie-Herzégovine Sarajevo
79%
Jamaïque Kingston
79%
Malte La Valette
79%
Monaco Monaco
79%
Roumanie Bucarest
79%
Indonésie Jakarta / Indonésie Nusantara
78%
Inde New Delhi
77%
Islande Reykjavik
77%
Pays-Bas Amsterdam
77%
Thaïlande Bangkok
77%
Autriche Vienne
76%
Bangladesh Dacca
76%
Chili Santiago
76%
Panama Panama
76%
Géorgie Tbilissi
75%
Kenya Nairobi
74%
Nouvelle-Zélande Wellington
74%
Viêt Nam Hanoï
74%
Andorre Andorre-la-Vieille
73%
Corée du Nord Pyongyang
73%
Mongolie Oulan-Bator
73%
Slovaquie Bratislava
73%
Irak Bagdad
72%
Mali Bamako
72%
Pakistan Islamabad
72%
Serbie Belgrade
72%
Équateur Quito
71%
Uruguay Montevideo
71%
Estonie Tallinn
70%
Australie Canberra
69%
Biélorussie Minsk
69%
Qatar Doha
69%
Sénégal Dakar
69%
Koweït Koweït
68%
Liechtenstein Vaduz
68%
Cuba La Havane
66%
Afghanistan Kaboul
65%
Kazakhstan Astana
65%
Népal Katmandou
65%
Venezuela Caracas
65%
Bahrein Manama
64%
Djibouti Djibouti
64%
Haïti Port-au-Prince
64%
Libye Tripoli
64%
Côte d'Ivoire Yamoussoukro
63%
Gabon Libreville
63%
Honduras Tegucigalpa
63%
Malaisie Kuala Lumpur
63%
Maldives Malé
63%
Philippines Manille
63%
Sainte-Lucie Castries
63%
Bahamas Nassau
62%
Éthiopie Addis-Abeba
62%
Lituanie Vilnius
62%
Macédoine du Nord Skopje
62%
Paraguay Asuncion
62%
République du Congo Brazzaville
62%
Syrie Damas
62%
Turkménistan Achgabat
62%
Arménie Erevan
61%
Belize Belmopan
61%
Guatemala Guatemala
61%
Costa Rica San José
60%
Dominique Roseau
60%
Laos Vientiane
60%
Monténégro Podgorica
60%
Angola Luanda
59%
Ghana Accra
59%
Azerbaïdjan Bakou
58%
Nigeria Abuja
58%
Niger Niamey
58%
Burkina Faso Ouagadougou
57%
République démocratique du Congo Kinshasa
57%
Kirghizistan Bichkek
56%
Rwanda Kigali
56%
Somalie Mogadiscio
55%
Burundi Bujumbura / Burundi Gitega
54%
Tchad N'Djaména
54%
Barbade Bridgetown
53%
Jordanie Amman
53%
Oman Mascate
53%
Ouganda Kampala
53%
Ouzbékistan Tachkent
53%
République dominicaine Saint-Domingue
53%
Slovénie Ljubljana
53%
Malawi Lilongwe
52%
Seychelles Victoria
52%
Sri Lanka Sri Jayawardenapura Kotte / Sri Lanka Colombo
52%
Érythrée Asmara
51%
Madagascar Antananarivo / Madagascar Tananarive
51%
Moldavie Chisinau
51%
Timor oriental Dili
51%
Bolivie La Paz
50%
Brunei Bandar Seri Begawan
50%
Cameroun Yaoundé
50%
Guinée-Bissau Bissau
50%
Liberia Monrovia
50%
Yémen Sanaa / Yémen Aden
50%
Maurice Port-Louis
49%
Salvador San Salvador
49%
Grenade Saint-Georges
48%
Mauritanie Nouakchott
48%
Fidji Suva
47%
Guinée équatoriale Malabo
47%
Soudan Khartoum
47%
Cambodge Phnom Penh
46%
Guyana Georgetown
46%
Lesotho Maseru
46%
Papouasie-Nouvelle-Guinée Port Moresby
46%
Sao Tomé-et-Principe São Tomé
46%
Tanzanie Dodoma
46%
Zambie Lusaka
46%
Bénin Cotonou / Bénin Porto-Novo
45%
Comores Moroni
45%
Nicaragua Managua
45%
Sierra Leone Freetown
45%
Suriname Paramaribo
45%
Togo Lomé
45%
Botswana Gaborone
44%
Trinité-et-Tobago Port-d'Espagne
44%
Kiribati Tarawa-Sud
43%
Zimbabwe Harare
43%
Eswatini Mbabane
42%
Namibie Windhoek
42%
Nauru Yaren
42%
Guinée Conakry
41%
Birmanie Naypyidaw
40%
Mozambique Maputo
39%
Tadjikistan Douchanbé
38%
Soudan du Sud Djouba
37%
Tuvalu Funafuti / Tuvalu Vaiaku
37%
Vanuatu Port-Vila
37%
Centrafrique Bangui
36%
Saint-Vincent-et-les-Grenadines Kingstown
36%
Palaos Melekeok / Palaos Ngerulmud
35%
Tonga Nukuʻalofa
35%
Gambie Banjul
34%
Cap-Vert Praia
33%
Saint-Christophe-et-Niévès Basseterre
32%
Samoa Apia
31%
Émirats arabes unis Abou Dabi
30%
États fédérés de Micronésie Palikir / Micronésie Palikir
30%
Îles Salomon Honiara
24%
Bouthan Thimphou
23%
Îles Marshall Majuro / Îles Marshall Delap-Uliga-Darrit
19%
Antigua-et-Barbuda Saint Jonh
12%
Îles Cook Avarua
7%
Aucun quiz correspondant
Distribution des résultats
% des personnes avec chaque résultat
Percentile par nombre de réponses
Votre historique - résultats
Vous n’avez pas pris ce quiz